Histoire culturelle de la France au XIXe siècle (notice n° 1568539)

détails MARC
000 -LEADER
fixed length control field 01337cam a2200133 4500500
005 - DATE AND TIME OF LATEST TRANSACTION
control field 20251214004416.0
041 ## - LANGUAGE CODE
Language code of text/sound track or separate title fre
042 ## - AUTHENTICATION CODE
Authentication code dc
100 10 - MAIN ENTRY--PERSONAL NAME
Personal name Yon, Jean-Claude
Relator term author
245 00 - TITLE STATEMENT
Title Histoire culturelle de la France au XIXe siècle
260 ## - PUBLICATION, DISTRIBUTION, ETC.
Name of publisher, distributor, etc. Armand Colin,<br/>
Date of publication, distribution, etc. 2021.<br/>
520 ## - SUMMARY, ETC.
Summary, etc. Dresser un panorama culturel de la France de 1814 à 1914, sans négliger l'apport de la Révolution et de l'Empire, telle est l'ambition de cet ouvrage où l'on croise aussi bien Alexandre Dumas que Marie Curie, Louis Hachette qu’Édouard Manet, le curé d'Ars que Sarah Bernhardt. Des monarchies constitutionnelles à la veille de la Première Guerre mondiale, la France passe d'une culture traditionnelle à une culture de masse, des images d’Épinal et du colportage aux revues de music-hall et au Tour de France - dans un grand tourbillon créatif et au rythme des révolutions de toutes natures. Appréhendé par le biais de l'histoire culturelle, le XIXe siècle - qui a pu être défini comme "la préhistoire de notre présent" - se révèle ici d'une extraordinaire richesse et porteur d'un héritage qui, rejeté ou assumé, est toujours bien vivant dans la France du XXIe siècle.
856 41 - ELECTRONIC LOCATION AND ACCESS
Uniform Resource Identifier <a href="https://shs.cairn.info/histoire-culturelle-de-la-france-au-xixe-siecle--9782200623678?lang=fr&redirect-ssocas=7080">https://shs.cairn.info/histoire-culturelle-de-la-france-au-xixe-siecle--9782200623678?lang=fr&redirect-ssocas=7080</a>

Pas d'exemplaire disponible.

PLUDOC

PLUDOC est la plateforme unique et centralisée de gestion des bibliothèques physiques et numériques de Guinée administré par le CEDUST. Elle est la plus grande base de données de ressources documentaires pour les Étudiants, Enseignants chercheurs et Chercheurs de Guinée.

Adresse

627 919 101/664 919 101

25 boulevard du commerce
Kaloum, Conakry, Guinée

Réseaux sociaux

Powered by Netsen Group @ 2025